UCM

Portugues Sem Fronteiras (Record no. 40060)

MARC details
000 -LEADER
fixed length control field 00422nam a22001577a 4500
008 - FIXED-LENGTH DATA ELEMENTS--GENERAL INFORMATION
fixed length control field 170711b xxu||||| |||| 00| 0 eng d
020 ## - INTERNATIONAL STANDARD BOOK NUMBER
International Standard Book Number 972-9018-20-0
080 ## - UNIVERSAL DECIMAL CLASSIFICATION NUMBER
Universal Decimal Classification number 134.3
100 ## - MAIN ENTRY--PERSONAL NAME
Personal name Leite.Isabel Coimbra
245 ## - TITLE STATEMENT
Title Portugues Sem Fronteiras
Statement of responsibility, etc Isabel Coimbra Leite & Olga Mata Coimbra
250 ## - EDITION STATEMENT
Edition statement S.ed
260 ## - PUBLICATION, DISTRIBUTION, ETC. (IMPRINT)
Place of publication, distribution, etc Lisboa
Name of publisher, distributor, etc Lidel
Date of publication, distribution, etc 1998
300 ## - PHYSICAL DESCRIPTION
Extent 254
Other physical details
Dimensions
Accompanying material
Type of unit
Size of unit
650 ## - SUBJECT ADDED ENTRY--TOPICAL TERM
Topical term or geographic name as entry element Portugues
942 ## - ADDED ENTRY ELEMENTS (KOHA)
Source of classification or shelving scheme Universal Decimal Classification
Item type Books
Holdings
Withdrawn status Lost status Source of classification or shelving scheme Damaged status Not for loan Collection code Home library Current library Shelving location Date acquired Total Checkouts Full call number Barcode Date last seen Copy number Price effective from Koha item type
    Universal Decimal Classification   Not For Loan Reference Beira - Centro de Ensino a Distancia Beira - Centro de Ensino a Distancia Reference 11/07/2017   134.3 220812952 11/07/2017 1 11/07/2017 Books

Universidade Católica de Moçambique - Rua Marquês de Soveral, 960, Palmeiras II, Beira, Moçambique

Tel (Central): (+258) 23 313 077 - Fax: (+258) 23 311 520 - Email: reitoria@ucm.ac.mz - Web: www.ucm.ac.mz